| 000 | 00640nam a22002057a 4500 | ||
|---|---|---|---|
| 005 | 20150107113658.0 | ||
| 010 | _aENG-111518 | ||
| 020 |
_a9788174879240 _c1250.00 |
||
| 020 |
_a8174879242 _c1250.00 |
||
| 035 | _aEN-95050 | ||
| 037 | _bDBAD/PUB | ||
| 082 | _a346.54048 | ||
| 245 |
_aIntellectual property rights : _ba prismatic view / _cedited by S.C. Roy |
||
| 260 |
_aNew Delhi _bRadha Publications _c2014 |
||
| 270 |
_a423/1,Ansari Road,Daryaganj _bNew Delhi _e110002 |
||
| 300 |
_axxi,599p. _c23cm(Hb) |
||
| 500 | _aIncludes bibliographical references | ||
| 700 | _aRoy,S.C. | ||
| 942 |
_2ddc _cEN _mINT _h346.54048 |
||
| 999 |
_c90583 _d90583 |
||